000
00207 a2200097 4500
020
_a
9780810944589
041
_a
spa
100
_a
Graeme Base
245
_a
El signo del caballito de mar
942
_c
Libros/Book
999
_c
28805
_d
28805